000 00591cam a22002411 4500
001 sa 64000478
003 DLC
005 20260227111956.0
008 890907s1963 ii b 000 0 hino
010 _asa 64000478
035 _a(OCoLC)20311033
040 _aDLC
_cWaU
_dDLC
042 _apremarc
043 _aa-ii---
050 0 0 _aDS430
_b.B48
100 1 _aBhatt, G. S.
_q(Gauri Shankar),
_d1925-
245 1 0 _aBhārata meṃ prajāti.
260 _c[1963]
300 _a68 p.
_c22 cm.
500 _aIn Hindi.
504 _aBibliography : p. [6]
650 0 _aEthnology
_zIndia.
999 _c56250
_d56250